عرض عادي عرض مارك
  • Physical fitness

مدخل مصطلح موضوعي

عدد التسجيلات المستخدمة في: 4

001 - رقم الضبط

  • حقل الضبط: 10672

003 - معرف رقم الضبط

  • حقل الضبط: OSt

005 - تاريخ ووقت أخر عملية

  • حقل الضبط: 20120411021513.0

008 - عناصر بيانات ثابتة الطول

  • حقل تحكم ثابت الطول: 120411|||a|||||| | ||| d

040 ## - مصدر الفهرسة

  • هيئة الفهرسة الأصلية: OSt
  • وكالة الكتابة: OSt

150 ## - مدخل-- مصطلح تاريخي

  • عنصر مدخل المصطلح الموضوعي او الاسم الجغرافي: Physical fitness
  • تفريع شكلي: Textbooks.

670 ## - بيانات المصدر موجوده

  • الاستشهاد بالمصدر: Work cat.: (OSt)0: Hopson, Janet L. 10671, Get fit, stay well! /, c2013.